|
|
|
|
| LEADER |
01544nam a2200313 a 4500 |
| 001 |
c000150454 |
| 003 |
CARM |
| 005 |
00000000000000.0 |
| 008 |
820713s1982 acad f00010 eng d |
| 019 |
1 |
|
|a 56428493
|z 41347506
|z 46263861
|z 2256853
|z 54264621
|z 55530726
|z 6329046
|5 LACONCORD2021
|
| 020 |
|
|
|a 0644017023 :
|c price unknown
|
| 035 |
|
|
|a (OCoLC)27487544
|5 LACONCORD2021
|
| 040 |
|
|
|d NNCU
|d WLB
|
| 042 |
|
|
|a anuc
|
| 043 |
|
|
|a u-at---
|
| 110 |
1 |
0 |
|a Australia.
|b Parliament.
|b House of Representatives.
|b Standing Committee on Road Safety.
|
| 245 |
1 |
0 |
|a Education, training and licensing of drivers including the special needs of disabled drivers :
|b report of the House of Representatives Standing Committee on Road Safety, March 1982.
|
| 260 |
|
|
|a Canberra :
|b Australian Government Publishing Service,
|c 1982.
|
| 300 |
|
|
|a xii, 114 p. :
|b 2 charts ;
|c 25 cm.
|
| 500 |
|
|
|a Motor vehicles. Drivers. Education. Australia (ANB/PRECIS SIN 0527912)
|
| 500 |
|
|
|a At head of title: The Parliament of the Commonwealth of Australia.
|
| 500 |
|
|
|a Australian Government Publishing Service cat. no. 820463X.
|
| 650 |
|
0 |
|a Automobile driver education
|z Australia.
|
| 650 |
|
0 |
|a Automobile drivers' licenses
|z Australia.
|
| 650 |
|
0 |
|a Physically handicapped automobile drivers.
|
| 852 |
8 |
|
|b CARM
|h A2:AE33F0
|i C00113
|p 0008269
|f BK
|
| 082 |
0 |
4 |
|a 629.28/3/0994
|2 19
|
| 999 |
f |
f |
|i a134e453-364d-5d75-8ce4-02dbe56088bc
|s eab02288-0851-5a8d-b1b4-d99e0b7fb80b
|
| 952 |
f |
f |
|p Can circulate
|a CAVAL
|b CAVAL
|c CAVAL
|d CARM 1 Store
|e C00113
|f A2:AE33F0
|h Other scheme
|i book
|m 0008269
|